Errate bekannte Städte #2 - Statistiken

Allgemein
  • Dieses Quiz wurde 95 mal gespielt
  • Das Durchschnittsergebnis liegt bei 13 aus 20
Antwortstatistiken
Emojis Stadt % Korrekt
🕍🥨🍺 München
100%
🗼🥖🎨 Paris
96%
🍕🏛️🖼️ Rom
96%
🏯🍣🚅 Tokio
91%
🦘🏖️🎇 Sydney
87%
🕌☪️🛥️ Istanbul
78%
🗽🏙️🚖 New York City
75%
🐼🏯🌸 Peking
75%
🌍🛩️🇧🇷 Rio de Janeiro
71%
🌵🎰💡 Las Vegas
67%
🦁⚽🎡 London
66%
🍫⏰🏔️ Zürich
64%
🍁🏙️❄️ Toronto
62%
🐪🕌🏜️ Dubai
50%
🌉🍷📸 San Francisco
50%
🍺🕍🏰 Prag
43%
🌋🍍🏖️ Honolulu
36%
🦏⛰️🌅 Kapstadt
29%
🌊🌞🌴 Miami
24%
🌿🥥🏝️ Bali
1%
Keine übereinstimmenden Quizze gefunden
Verteilung der Resultate
Anzahl Personen mit jedem Resultat
Perzentil nach korrekt beantworteten Fragen
Ihre Resultats-Entwicklung
Sie haben dieses Quiz noch nicht gespielt